00357pab a2200121 454500008004000000100001900040245009400059260000900153300001400162362000800176650001600184773003500200180718b2003 xxu||||| |||| 00| 0 eng d aNeumayer, Eric aWhat factors determine the allocation of aid by Arab Countries and multilateral agencies? c2003 ap.134-47. aApr aForeign aid aJournal of Development Studies